Teoría y filosofía política: la recuperación de los clásicos en el debate latinoamericano /

Αποθηκεύτηκε σε:
Λεπτομέρειες βιβλιογραφικής εγγραφής
Κύριος συγγραφέας: Boron, Atilio A
Άλλοι συγγραφείς: comp De Vita, Alvaro comp
Μορφή: Κείμενο
Έκδοση: Buenos Aires: CLACSO
Θέματα:
Ετικέτες: Προσθήκη ετικέτας
Δεν υπάρχουν, Καταχωρήστε ετικέτα πρώτοι!

MARC

LEADER 00000 a a2200000 04500
001 27934
003
040
020 |a 950-9231-73-8  
090 |a 187200  
100 |a Boron, Atilio A  
245 |a Teoría y filosofía política: la recuperación de los clásicos en el debate latinoamericano /  |c Atilio Boron A  
260 |a Buenos Aires:   |b CLACSO  
300 |a 302 p  
500 |a Disponible en Cd, en No. 194118  
650 |a FILOSOFIA  
650 |a TEORIA POLITICA  
650 |a TEORIA SOCIAL  
650 |a CIENCIAS SOCIALES  
650 |a POLITICA  
650 |a DOCTRINAS POLITICAS  
650 |a DEMOCRACIA  
650 |a MERCADO  
650 |a CAPITALISMO  
650 |a LIBERALISMO  
650 |a SOCIALISMO  
650 |a JUSTICIA SOCIAL  
650 |a ESTADO  
650 |a SOCIEDAD CIVIL  
650 |a FEDERALISMO  
700 |a comp   |a De Vita, Alvaro   |a comp  
999 |c 11448  |d 11448